1 Trainer aus 9 - Statistiken

Allgemein
  • Dieses Quiz wurde 355 mal gespielt
  • Das Durchschnittsergebnis liegt bei 75 aus 81
Antwortstatistiken
Frage Kachel Select % Korrekt
1490 Spiele an der Seitenlinie von Manchester United stand. Nein
97%
1490 Spiele an der Seitenlinie von Manchester United stand. Nein
97%
1490 Spiele an der Seitenlinie von Manchester United stand. Nein
97%
am häufigsten die Champions League gewann. Nein
97%
am häufigsten die Champions League gewann. Nein
97%
1490 Spiele an der Seitenlinie von Manchester United stand. Nein
96%
1490 Spiele an der Seitenlinie von Manchester United stand. Nein
96%
1490 Spiele an der Seitenlinie von Manchester United stand. Nein
96%
1490 Spiele an der Seitenlinie von Manchester United stand. Nein
96%
sein Champions League Debut 2021 als Trainer gegen Sevilla gab. Nein
96%
am häufigsten in seiner Trainerkarriere gegen die französische Nationalmannschaft coachte (9-mal). Nein
96%
am häufigsten in seiner Trainerkarriere gegen die französische Nationalmannschaft coachte (9-mal). Nein
96%
am häufigsten in seiner Trainerkarriere gegen die französische Nationalmannschaft coachte (9-mal). Nein
96%
am häufigsten in seiner Trainerkarriere gegen die französische Nationalmannschaft coachte (9-mal). Nein
96%
am häufigsten in seiner Trainerkarriere gegen die französische Nationalmannschaft coachte (9-mal). Nein
96%
am häufigsten die Champions League gewann. Nein
96%
am häufigsten die Champions League gewann. Nein
96%
am häufigsten die Champions League gewann. Nein
96%
am häufigsten die Champions League gewann. Nein
96%
von Paris Saint-Germain zum FC Chelsea wechselte. Nein
96%
von Paris Saint-Germain zum FC Chelsea wechselte. Nein
96%
von Paris Saint-Germain zum FC Chelsea wechselte. Nein
96%
2,07 Punkte pro Spiel in der Premier League vorweisen kann. Nein
96%
2,07 Punkte pro Spiel in der Premier League vorweisen kann. Nein
96%
mit Porto die Champions League gewann. Nein
96%
1490 Spiele an der Seitenlinie von Manchester United stand. Nein
95%
sein Champions League Debut 2021 als Trainer gegen Sevilla gab. Nein
95%
sein Champions League Debut 2021 als Trainer gegen Sevilla gab. Nein
95%
sein Champions League Debut 2021 als Trainer gegen Sevilla gab. Nein
95%
sein Champions League Debut 2021 als Trainer gegen Sevilla gab. Nein
95%
am häufigsten in seiner Trainerkarriere gegen die französische Nationalmannschaft coachte (9-mal). Nein
95%
2005 mit seinem Team die Champions League gewann. Nein
95%
von Paris Saint-Germain zum FC Chelsea wechselte. Nein
95%
von Paris Saint-Germain zum FC Chelsea wechselte. Nein
95%
2,07 Punkte pro Spiel in der Premier League vorweisen kann. Nein
95%
mit Porto die Champions League gewann. Nein
95%
mit Porto die Champions League gewann. Nein
95%
mit Porto die Champions League gewann. Nein
95%
mit Porto die Champions League gewann. Nein
95%
mit Porto die Champions League gewann. Nein
95%
sein Champions League Debut 2021 als Trainer gegen Sevilla gab. Nein
94%
am häufigsten in seiner Trainerkarriere gegen die französische Nationalmannschaft coachte (9-mal). Nein
94%
2005 mit seinem Team die Champions League gewann. Nein
94%
2005 mit seinem Team die Champions League gewann. Nein
94%
von Paris Saint-Germain zum FC Chelsea wechselte. Nein
94%
von Paris Saint-Germain zum FC Chelsea wechselte. Nein
94%
2,07 Punkte pro Spiel in der Premier League vorweisen kann. Nein
94%
2,07 Punkte pro Spiel in der Premier League vorweisen kann. Nein
94%
2,07 Punkte pro Spiel in der Premier League vorweisen kann. Nein
94%
2,07 Punkte pro Spiel in der Premier League vorweisen kann. Nein
94%
mit Porto die Champions League gewann. Nein
94%
mit dem FC Barcelona das „Tiki-Taka“ prägte. Nein
94%
mit dem FC Barcelona das „Tiki-Taka“ prägte. Nein
94%
mit dem FC Barcelona das „Tiki-Taka“ prägte. Nein
94%
mit dem FC Barcelona das „Tiki-Taka“ prägte. Nein
94%
mit dem FC Barcelona das „Tiki-Taka“ prägte. Nein
94%
sein Champions League Debut 2021 als Trainer gegen Sevilla gab. Nein
93%
am häufigsten in seiner Trainerkarriere gegen die französische Nationalmannschaft coachte (9-mal). Nein
93%
2005 mit seinem Team die Champions League gewann. Nein
93%
von Paris Saint-Germain zum FC Chelsea wechselte. Nein
93%
mit dem FC Barcelona das „Tiki-Taka“ prägte. Nein
93%
mit dem FC Barcelona das „Tiki-Taka“ prägte. Nein
93%
mit dem FC Barcelona das „Tiki-Taka“ prägte. Nein
93%
1490 Spiele an der Seitenlinie von Manchester United stand. Ja
92%
am häufigsten die Champions League gewann. Nein
92%
2005 mit seinem Team die Champions League gewann. Nein
92%
sein Champions League Debut 2021 als Trainer gegen Sevilla gab. Nein
91%
am häufigsten die Champions League gewann. Nein
91%
2005 mit seinem Team die Champions League gewann. Nein
90%
am häufigsten in seiner Trainerkarriere gegen die französische Nationalmannschaft coachte (9-mal). Ja
89%
2005 mit seinem Team die Champions League gewann. Nein
89%
von Paris Saint-Germain zum FC Chelsea wechselte. Ja
89%
mit dem FC Barcelona das „Tiki-Taka“ prägte. Ja
88%
mit Porto die Champions League gewann. Nein
84%
sein Champions League Debut 2021 als Trainer gegen Sevilla gab. Ja
83%
am häufigsten die Champions League gewann. Ja
83%
mit Porto die Champions League gewann. Ja
81%
2005 mit seinem Team die Champions League gewann. Nein
72%
2,07 Punkte pro Spiel in der Premier League vorweisen kann. Nein
61%
2,07 Punkte pro Spiel in der Premier League vorweisen kann. Ja
60%
2005 mit seinem Team die Champions League gewann. Ja
57%
Keine übereinstimmenden Quizze gefunden
Verteilung der Resultate
Anzahl Personen mit jedem Resultat
Perzentil nach korrekt beantworteten Fragen
Ihre Resultats-Entwicklung
Sie haben dieses Quiz noch nicht gespielt